Australia i Oceania - quiz na mapie - Statystyki

Ogólne statystyki
  • Ten quiz został rozwiązany 6 441 razy
  • Średni wynik to 7 z 14
Odpowiedzi na mapie
Odpowiedzi zakodowano w zielono-czerwonej skali na mapie do tego quizu, zgodnie z poniższymi procentami.
 
Statystyki odpowiedzi
Odpowiedź % Poprawnych
Australia
98%
Nowa Zelandia
84%
Papua-Nowa Gwinea
79%
Mikronezja
53%
Kiribati
40%
Fidżi
39%
Palau
37%
Wyspy Marshalla
36%
Wyspy Salomona
36%
Nauru
34%
Samoa
31%
Tonga
30%
Vanuatu
28%
Tuvalu
27%
Nie znaleziono quizów pasujących do podanych kryteriów
Rozkład punktacji
Procent ludzi z każdym wynikiem
Percentyl według liczby udzielonych odpowiedzi
Twoja historia wyników
Nie rozwiązałeś tego quizu